LEADER 00832nam a2200205 i 4500 001 000000223800 003 CaOOAMICUS 005 20131021000000.0 008 131021s1910 xx u000 u fre u 013 $a202698 040 $aSeMil$bita 100 1 $aSchwalm, Marie-Benoit.$0(OLS)http://semarc/name/12839 245 13$aLa vie privée du peuple juif :$ba l'époque de Jésus-Christ. 260 $aMilano :$bDaverio,$c1910. 300 $aXX, 583 p., [1] c. di tav. ;$c19 cm. 650 4$aEbrei - Usi e costumi.$0(OLS)http://semarc/subject/28355 850 $aSeMil 852 $aSeMil$W1$xVenegono$y1$m2V I 93$j174146$B174146$CSeMilBibl$Z2$F184329 $81 996 $6245$aLa vie privée du peuple juif :$ba l'époque de Jésus-Christ$9(OLS)http://semarc/title/320888 996 $6260$aMilano :$bDaverio$9(OLS)http://semarc/publisher/30287 LEADER 01361nam a2200265 i 4500 001 000000183755 003 CaOOAMICUS 005 20250212100306.0 008 091126s1946 it u000 u ita u 040 $aSeMil$bita 100 1 $aGrabmann, Martin,$d<1875-1949>.$0(OLS)http://semarc/name/6963 245 10$aGuglielmo di Moerbeke o.p. il traduttore delle opere di Aristotele /$cdi Martino Grabmann. 264 1$aRoma :$bPontificia Università Gregoriana,$c1946. 300 $aXI, 193 p. ;$c25 cm. 490 1 $aMiscellanea Historiae Pontificiae ;$v11 500 $aIn mezzo al front.: Collectionis totius n. 20 600 04$aGuglielmo : di Moerbeke .$0(OLS)http://semarc/subject/34729 650 4$aAristotelismo - Medioevo.$0(OLS)http://semarc/subject/48851 773 0 $tPapi del Duecento e l'aristotelismo.$dRoma : SALER : Pontificia Università Gregoriana, 1941-1946.$g2$w()22371 830 0$aMiscellanea Historiae Pontificiae ;$v11.$0(OLS)http://semarc/title/24 850 $aSeMil 852 $aSeMil$W1$xVenegono$y1$m3TA M 11$j254443$B134455$CSeMilBibl$Z2$F146065 $81 996 $6245$aGuglielmo di Moerbeke o.p. il traduttore delle opere di Aristotele$9(OLS)http://semarc/title/263709 996 $6264$aRoma :$bPontificia Università Gregoriana$9(OLS)http://semarc/publisher/29750